000 00444nam a2200157Ia 4500
003 GCL
008 140319s9999 xx 000 0 eng d
040 _aGCL /
_cGCL
082 0 4 _a370.15
_bD N
100 1 _aDUROJAUGE M. O. A.
245 1 0 _aA NEW INTRODUCTION TO EDUCATIONAL PSYCHOLOGY /
_cDUROJAUGE M. O. A.
260 _a[S.N] :
_bEVANS. BROTHERS LIMITED ،
_c1990
300 _a265 P
650 0 4 _aEDUCATIONAL PSYCHOLOGY
942 _2ddc
_cBK
999 _c21258
_d21258